[Event "Dmitrov Summer op"]
[Site "Dmitrov"]
[Date "2008.07.26"]
[Round "8"]
[White "Granovskiy, Alexandr"]
[Black "Azizov, Timur"]
[Result "1-0"]
[WhiteElo "2356"]
[BlackElo "2088"]
[PlyCount "137"]
[EventDate "2008.07.21"]
[EventType "swiss"]
[EventRounds "9"]
[EventCountry "RUS"]
[SourceTitle "EXT 2022"]
[Source "ChessBase"]
[SourceDate "2021.10.06"]
[SourceVersion "1"]
[SourceVersionDate "2021.10.06"]
[SourceQuality "1"]

1. d4 d5 2. Bf4 Nf6 3. e3 e6 4. c4 Bb4+ 5. Nd2 0-0 6. a3 Be7 7. Ngf3 c5 8. Rc1 cxd4 9. exd4 dxc4 10. Bxc4 Nc6 11. Nb3 Nd5 12. Bg3 a6 13. 0-0 b6 14. Qe2 Bb7 15. Rfd1 Bd6 16. Bxd5 exd5 17. Bxd6 Qxd6 18. Re1 Qd7 19. Rc3 Rfe8 20. Re3 Kf8 21. Ne5 Nxe5 22. dxe5 d4 23. Rd1 Qc6 24. Rg3 Qb5 25. Qxb5 axb5 26. f4 b4 27. axb4 f6 28. Nxd4 fxe5 29. fxe5 Rxe5 30. Rf1+ Kg8 31. Nf5 g6 32. Nh6+ Kg7 33. Rf7+ Kxh6 34. Rxb7 Ra1+ 35. Kf2 Rae1 36. Rh3+ Kg5 37. Rg3+ Kh6 38. Rh3+ Kg5 39. Rb3 R1e2+ 40. Kg3 h5 41. h4+ Kh6 42. Rf3 R5e3 43. Rxe3 Rxe3+ 44. Kf4 Rb3 45. Rxb6 Rxb2 46. g3 Rb3 47. Rb7 Rb1 48. b5 Rb4+ 49. Kf3 Rb3+ 50. Kg2 Rb2+ 51. Kh3 Rb3 52. Rb8 Rb2 53. Rb7 Rb3 54. Kg2 Rb2+ 55. Kg1 Rb3 56. Kf2 Rb2+ 57. Ke3 Rb3+ 58. Kd4 Rxg3 59. Re7 Rg4+ 60. Re4 Rg1 61. b6 g5 62. Re6+ Kh7 63. hxg5 Rxg5 64. Re5 Rg4+ 65. Kc5 Kh6 66. Re6+ Kh7 67. b7 Rg8 68. Kb6 h4 69. Re4 1-0

[Event "Dmitrov Summer op"]
[Site "Dmitrov"]
[Date "2008.07.24"]
[Round "5"]
[White "Azizov, Timur"]
[Black "Lagashin, Pavel"]
[Result "1/2-1/2"]
[WhiteElo "2088"]
[BlackElo "1986"]
[PlyCount "110"]
[EventDate "2008.07.21"]
[EventType "swiss"]
[EventRounds "9"]
[EventCountry "RUS"]
[SourceTitle "EXT 2022"]
[Source "ChessBase"]
[SourceDate "2021.10.06"]
[SourceVersion "1"]
[SourceVersionDate "2021.10.06"]
[SourceQuality "1"]

1. d4 Nf6 2. c4 e6 3. Nc3 Bb4 4. Nf3 0-0 5. e3 c5 6. Bd3 Nc6 7. a3 cxd4 8. exd4 Bxc3+ 9. bxc3 b6 10. Bg5 h6 11. Bh4 Ba6 12. 0-0 Na5 13. Ne5 g5 14. Bg3 d6 15. Ng4 Nxg4 16. Qxg4 Bxc4 17. Bxc4 Nxc4 18. d5 exd5 19. Rad1 Qc8 20. Qh5 Qe6 21. h4 Qg6 22. Qxg6+ fxg6 23. hxg5 hxg5 24. Rxd5 Rf5 25. Rfd1 Rd8 26. a4 Kf7 27. R5d4 Rc5 28. Bxd6 Nxd6 29. Rxd6 Rxd6 30. Rxd6 Ra5 31. Rd4 Ke6 32. Kf1 Rc5 33. Re4+ Kf6 34. Rd4 Ke6 35. Re4+ Kf5 36. Rd4 Rxc3 37. Rd7 a5 38. Rd6 Rc4 39. Rxb6 Rxa4 40. Rb5+ Kg4 41. Rb6 Kh5 42. Ra6 Ra2 43. g3 a4 44. Kg2 a3 45. Ra4 g4 46. Ra5+ Kh6 47. Ra6 Ra1 48. Ra4 a2 49. Ra5 Kg7 50. Ra7+ Kf6 51. Ra6+ Ke5 52. Ra5+ Kd4 53. Ra8 Kc5 54. Rc8+ Kb6 55. Ra8 Kb7 1/2-1/2